00491nam a2200169Ia 450000500170000000800460001702000180006303700120008104000200009304100130011308400210012610000170014724500220016426000530018630000100023954600720024920250508165918.0008 250505s9999 xx 000 0 eng d a0-13-139981-0 aTextual aFEDLbengcFEDL aeng2eng a305.8, NANqFEDL aNavaria Ajay 0aUnclaimed terrain aNew Delhi, IndiabNarayana Publishing Ltd.c2013 a197p. aGifted by H.O.D. Namita Ranganathan in memory of Prof. Arvind Gaysu